000 01168cab a2200301 4500
001 ABS49110
008 090401t1993 xxu||||| |||| 00| 0 eng d
035 _a(Sirsi) u70038
041 _aeng
245 _aFoundations and structure
260 _c1993
350 _a0
490 _aArchitects` Journal
_vFocus August 1993, 9-27(15)
520 _aFeature on foundations and structures focusing on a new school in East London which is one of the first to meet the new National Curriculum standards and the most recent advances in structural materials and the need to consider their selection as part of an overall strategy to minimise both embodied energy and energy consumption in use. Includes tables of manufacturers data and contract costs.
650 _aALUMINIUM
650 _aBUILT ENVIRONMENT-BUILDING COSTS
650 _aCONCRETE
650 _aFERRO CEMENT
650 _aNATIONAL CURRICULUM
650 _aRECYCLING
650 _aREINFORCED PLASTICS
650 _aBUILT ENVIRONMENT-BUILDING MATERIALS-STONE
650 _aTIMBER
650 _aWOOD
690 _aBUILT ENVIRONMENT-CONSTRUCTION DESIGN
942 _n0
948 _c04/03/1997
999 _c44056
_d44056